| 000 | 00609nam a22001937a 4500 | ||
|---|---|---|---|
| 999 |
_c181461 _d181461 |
||
| 005 | 20210915110137.0 | ||
| 010 | _aUR-11232 | ||
| 020 |
_c400.00 _a9789390533305 |
||
| 035 | _aU-9787 | ||
| 037 | _bDBAD/PUB | ||
| 082 | _a844.08 | ||
| 100 | _aحبيب سيفی | ||
| 245 |
_aر مو ز ا د ب _cحبيب سيفی |
||
| 246 |
_aRumooz-e-Adab (Urdu) _bby Habib Saifi |
||
| 260 |
_aN.Delhi _c2021 ء _bEducational Publishing House |
||
| 270 |
_a3191, Vakil Street, Kucha Pandit Lal Kuan, _b Delhi _e110006 _l - |
||
| 300 |
_a394 ص _c22 Cm(Hb) |
||
| 942 |
_2ddc _cUR _h844.08 _mح ب ی |
||